000
00317nam a2200109Ia 4500
008
200302s9999 xx 000 0 und d
100
_a
Louice G. Redstone FAIA
245
_a
Institutional Buildings Architecture of The Controlled Environment
260
_b
An Architectural Record Book
260
_c
1980
300
_a
181 P.,
999
_c
821
_d
821